All Famous Manga Artists - Statistics

General Stats
  • This quiz has been taken 69 times
  • The average score is 13 of 30
Answer Stats
Hint Answer % Correct
One Piece Eiichiro Oda
89%
Dragon Ball Akira Toriyama
88%
Jujutsu Kaisen Gege Akutami
75%
JoJo's Bizarre Adventure Hirohiko Araki
74%
Beserk Kentaro Miura
74%
Attack on Titan Hajime Isayama
72%
Naruto Masashi Kishimoto
70%
One Punch Man ONE
70%
Chainsaw Man Tatsuki Fujimoto
70%
Hunter x Hunter Yoshihiro Togashi
65%
Bleach Noriaki Kubo
56%
My Hero Academia Kohei Horikoshi
54%
Tokyo Ghoul Sui Ishida
51%
Vinland Saga Makoto Yukimura
44%
Full Metal Alchemist Hiromu Arakawa
33%
Demon Slayer Koyoharu Gotouge
33%
Death Note Tsugumi Ohba
33%
Fairy Tail Hiro Mashima
32%
Neon Genesis: Evangelion Hideaki Anno
28%
Yu-Gi-Oh Kazuki Takahashi
19%
Sailor Moon Naoko Takeuchi
19%
Pokemon Satoshi Tajiri
18%
Haikyuu Haruichi Furudate
14%
Baki Keisuke Itagaki
14%
The Promised Neverland Kaiu Shirai
12%
Black Clover Yuki Tabata
12%
Assassination Classroom Yusei Matsui
12%
Blue Exorcist Kazue Koto
11%
7 Deadly Sins Nakaba Suzuki
7%
Kuroko's Basketball Tadatoshi Fujimaki
5%
No matching quizzes found
Score Distribution
Percent of People with Each Score
Percentile by Number Answered
Your Score History
You have not taken this quiz